| 000 | 00630nam a2200205Ia 4500 | ||
|---|---|---|---|
| 008 | 131103s9999 xx 000 0 und d | ||
| 040 | _aLoreto College | ||
| 041 | _aEnglish | ||
| 082 |
_a822.33(ID)/ALL/822.33/O1-O2/SHA _b- HUN LCLIB/16492,24230,24230 |
||
| 245 |
_aAll's well that ends well _cedited by G.K.Hunter |
||
| 260 |
_aLondon _bMethuen _c1967 |
||
| 300 |
_alix,152 p. _c 21 cm. |
||
| 440 | _aThe Arden Shakespeare Paperbacks | ||
| 504 | _aIncludes appendix | ||
| 650 | _aEnglish Drama | ||
| 651 | _aShakespeare,William - All's Well That Ends Well | ||
| 700 | _aHuntor,G.K.,ed. | ||
| 850 | _aLCLIB | ||
| 942 | _cBK | ||
| 999 |
_c4534 _d55013 |
||